书目信息 |
| 题名: |
工程数学
|
|
| 作者: | ;南京工学院数学教研组 编 | |
| 分册: | ||
| 出版信息: | 北京 人民教育出版社 1982 |
|
| 页数: | 115页 | |
| 开本: | 21cm | |
| 丛书名: | ||
| 单 册: | ||
| 中图分类: | TB11 | |
| 科图分类: | ||
| 主题词: | 工程数学--高等学校--教材 , 积分变换--高等学校--教材 | |
| 电子资源: | ||
| ISBN: | ||
| 000 | 00736nam0 2200253 45 | |
| 001 | 0182011430 | |
| 005 | 20060814164925.39 | |
| 010 | @dCNY0.42 | |
| 091 | @a13012.0255 | |
| 100 | @a19950227d1982 em y0chiy0121 ea | |
| 101 | 0 | @achi |
| 102 | @aCN@b110000 | |
| 105 | @ay z 000yy | |
| 200 | 10 | @a工程数学@Agong cheng shu xue@e积分变换@f南京工学院数学教研组编 |
| 210 | @a北京@c人民教育出版社@d1982 | |
| 215 | @a115页@d21cm | |
| 517 | 1 | @a积分变换@Aji fen bian huan |
| 606 | @a工程数学@x高等学校@x教材 | |
| 606 | @a积分变换@x高等学校@x教材 | |
| 690 | @aTB11@v3 | |
| 711 | 02 | @a南京工学院数学教研组@Anan jing gong xue yuan shu xue jiao yan zu@4编 |
| 801 | 2 | @aCN@bNLC@c20060814 |
| 801 | 0 | @aCN@bTSSF |
| 905 | @a10447@dTB11@e113 | |
| 工程数学:积分变换/南京工学院数学教研组编.-北京:人民教育出版社,1982 |
| 115页;21cm |
| ISBN :CNY0.42 |
| ● |
| 相关链接 |
|
|
|
|
正题名:工程数学
索取号:TB11/113
 
预约/预借
| 序号 | 登录号 | 条形码 | 馆藏地/架位号 | 状态 | 备注 |
| 1 | 0458275 | 204582754 | 密集书库/ [索取号:TB11/113] | 在馆 | |
| 2 | 0458276 | 204582763 | 密集书库/ [索取号:TB11/113] | 在馆 | |
| 3 | 0458292 | 204582923 | 密集书库/ [索取号:TB11/113] | 在馆 | |
| 4 | 0458293 | 204582932 | 密集书库/ [索取号:TB11/113] | 在馆 |